000 00791nam a2200217Ia 4500
003 GCL
008 140319s9999 xx 000 0 ara d
040 _aGCL /
_cGCL
082 0 4 _a953.079
_bع ث
100 1 _aعبدالحى الحسنى
245 1 0 _aالثقافة الاسلامية فى الهند : معارف العوارف فى انواع العلوم والمعارف /
_cعبدالحى الحسنى
260 _aسوريا :
_bمجمع اللغة العربية ،
_c1983
300 _a419 ص ؛
_c24 سم
490 _a
650 0 4 _aالثقافة الاسلامية
650 0 4 _aالتاريخ الاسلامى
650 0 4 _aانتشار الاسلام
650 0 4 _aالاسلام فى الهند
650 0 4 _aالمسلمون فى الهند
942 _2ddc
_cBK
999 _c32012
_d32012